[Event "Ì11Ï"]
[Site "Loo"]
[Date "2017.04.27"]
[Round "8.11"]
[White "Òðåôèëîâ, Âÿ÷åñëàâ."]
[Black "Êè÷èí, Àëåêñàíäð."]
[Result "0-1"]
[WhiteElo "1346"]
[BlackElo "1576"]
[PlyCount "64"]
[EventDate "2017.04.20"]

1. e4 c5 2. Nf3 e6 3. b3 a6 4. Bb2 b5 5. d4 cxd4 6. Nxd4 Bb7 7. Bd3 d6 8. O-O
Nf6 9. Qe2 Nbd7 10. Nd2 g6 11. c4 b4 12. Nc2 a5 13. Nd4 Bg7 14. Nb5 Qb8 15. a3
O-O 16. axb4 axb4 17. Rxa8 Bxa8 18. Nd4 Nc5 19. f3 Nfd7 20. Rb1 Qb6 21. Kh1
Nxe4 22. Bxe4 Bxd4 23. Bxa8 Bxb2 24. Rxb2 Rxa8 25. Qd3 Qf2 26. h3 Qe1+ 27. Kh2
Qe5+ 28. Kh1 Qxb2 29. Qxd6 Ra1+ 30. Kh2 Qe5+ 31. Qxe5 Nxe5 32. c5 Ra2 0-1

[Event "Ì11Ï"]
[Site "Loo"]
[Date "2017.04.27"]
[Round "8.12"]
[White "Õîäüêî, Þðèé."]
[Black "Êî÷åòîâ, Âÿ÷åñëàâ."]
[Result "0-1"]
[WhiteElo "1309"]
[BlackElo "1561"]
[PlyCount "60"]
[EventDate "2017.04.20"]

1. e4 c5 2. Nf3 Nc6 3. d4 cxd4 4. Nxd4 Nf6 5. Nc3 d6 6. f3 e5 7. Nb3 Be7 8. Be3
O-O 9. g4 a5 10. a4 Be6 11. Qd2 Nb4 12. h4 d5 13. g5 Nh5 14. exd5 Nxd5 15.
O-O-O Nxe3 16. Qxe3 Qc7 17. Nb5 Qc6 18. Kb1 Ng3 19. Rg1 Nxf1 20. Rgxf1 Bc4 21.
Rf2 Bxb5 22. Qxe5 Bxa4 23. Qxe7 Bxb3 24. cxb3 a4 25. b4 a3 26. b3 Qc3 27. Ka2
Rac8 28. Rfd2 Rfe8 29. Qxb7 Rc7 30. Rd8 Qb2# 0-1

[Event "Ì11Ï"]
[Site "Loo"]
[Date "2017.04.27"]
[Round "8.13"]
[White "Êîïûëîâ, Àðò¸ì."]
[Black "Ìåëèêÿí, Âàðäàí."]
[Result "1-0"]
[WhiteElo "1481"]
[BlackElo "1337"]
[PlyCount "89"]
[EventDate "2017.04.20"]

1. d4 d5 2. Nf3 c6 3. c4 Nf6 4. Qc2 g6 5. g3 Bf5 6. Qb3 b6 7. Bg2 Bg7 8. O-O
O-O 9. Nc3 dxc4 10. Qxc4 Qc8 11. Rd1 Nbd7 12. Ne5 Nxe5 13. dxe5 Nd7 14. Qxc6
Qxc6 15. Bxc6 Rad8 16. Bg5 Nxe5 17. Ba4 f6 18. Bb3+ Kh8 19. Bf4 Nc6 20. Nb5 e5
21. Be3 Bc8 22. Rxd8 Rxd8 23. Rc1 Ba6 24. Rxc6 Bxb5 25. Rc7 a6 26. Bxb6 Rb8 27.
Ba7 Rd8 28. Kf1 f5 29. Bb6 Rb8 30. Bd5 e4 31. b3 Be5 32. Rb7 Rc8 33. Be3 Rc2
34. Re7 Bg7 35. Bc4 h6 36. Bxb5 axb5 37. a4 bxa4 38. bxa4 Rc8 39. a5 Ra8 40.
Ra7 Rd8 41. Bb6 Rc8 42. a6 Rc1+ 43. Kg2 Ra1 44. Ra8+ Kh7 45. a7 1-0

[Event "Ì11Ï"]
[Site "Loo"]
[Date "2017.04.27"]
[Round "8.14"]
[White "Áàëàÿí, Ýäóàðä."]
[Black "Ãàãàðèíîâ, Àíäðåé."]
[Result "0-1"]
[WhiteElo "1473"]
[BlackElo "1297"]
[PlyCount "114"]
[EventDate "2017.04.20"]

1. d4 d5 2. Nf3 Nf6 3. Bf4 e6 4. e3 Nbd7 5. Bd3 Be7 6. Nbd2 O-O 7. O-O c5 8. c3
Nh5 9. Bg3 Nxg3 10. hxg3 c4 11. Bc2 b5 12. Ne5 Nxe5 13. dxe5 b4 14. Nf3 bxc3
15. bxc3 Qa5 16. Qc1 Bd7 17. Qd2 Ba4 18. Nd4 Bxc2 19. Qxc2 Bc5 20. Rab1 Bxd4
21. exd4 Rab8 22. g4 Rb6 23. f4 Rfb8 24. f5 Rxb1 25. Rxb1 Rxb1+ 26. Qxb1 Qb6
27. Qxb6 axb6 28. Kf2 Kf8 29. Ke2 Ke7 30. Kd2 Kd7 31. Kc2 Kc6 32. Kb2 Kb5 33.
Ka3 Ka5 34. f6 gxf6 35. exf6 h6 36. Kb2 Ka4 37. a3 b5 38. g3 Ka5 39. Ka2 Kb6
40. a4 bxa4 41. Ka3 Kb5 42. g5 hxg5 43. g4 Ka5 44. Ka2 Ka6 45. Kb2 Kb6 46. Ka2
Kc6 47. Ka3 Kd6 48. Kxa4 e5 49. dxe5+ Kxe5 50. Kb5 Kxf6 51. Kc6 Ke5 52. Kc5 f6
53. Kc6 d4 54. cxd4+ Kxd4 55. Kd6 c3 56. Ke6 c2 57. Kxf6 c1=Q 0-1

[Event "Ì11Ï"]
[Site "Loo"]
[Date "2017.04.27"]
[Round "8.15"]
[White "Åôèìîâ, Ëåîíèä."]
[Black "Øèíêàðîâ, Àðòåì."]
[Result "1-0"]
[WhiteElo "1287"]
[BlackElo "1451"]
[PlyCount "103"]
[EventDate "2017.04.20"]

1. e4 e6 2. d4 d5 3. Nc3 Bb4 4. e5 c5 5. a3 Bxc3+ 6. bxc3 Qa5 7. Bd2 Qa4 8. Qg4
Kf8 9. Qd1 Nc6 10. Nf3 Nge7 11. Be3 c4 12. h4 Bd7 13. h5 h6 14. g4 Qa5 15. Qd2
Ng8 16. Bg2 a6 17. Ke2 f6 18. Bf4 Kf7 19. Nh4 Nce7 20. Qe3 Rf8 21. exf6 gxf6
22. Bd6 Kg7 23. f4 Re8 24. g5 Nf5 25. Nxf5+ exf5 26. gxf6+ Kf7 27. Be5 Nxf6 28.
Kd2 Rhg8 29. Bf3 Bc6 30. Rhg1 Qd8 31. Rxg8 Rxg8 32. Bxf6 Qxf6 33. Qe5 Qe6 34.
Qxe6+ Kxe6 35. Re1+ Kd6 36. Re5 Rg3 37. Ke2 Bd7 38. Rxd5+ Kc7 39. Rc5+ Kb8 40.
Re5 Kc7 41. Kf2 Rg7 42. Rc5+ Kb6 43. Rxc4 a5 44. Rc5 Re7 45. Re5 Rxe5 46. fxe5
Ba4 47. c4 Bxc2 48. e6 Ba4 49. c5+ Kc7 50. d5 b6 51. d6+ Kc8 52. d7+ 1-0

[Event "Ì11Ï"]
[Site "Loo"]
[Date "2017.04.27"]
[Round "8.16"]
[White "Ðàæáàäèíîâ, Ðàñóë."]
[Black "Øîâêàíü, Òàðàñ."]
[Result "1/2-1/2"]
[WhiteElo "1442"]
[BlackElo "1278"]
[PlyCount "82"]
[EventDate "2017.04.20"]

1. e4 Nc6 2. Nf3 d6 3. Bb5 Bd7 4. O-O Nf6 5. Re1 e6 6. d4 Be7 7. Bg5 O-O 8. Nc3
a6 9. Ba4 b5 10. Bb3 Na5 11. Qd2 c5 12. dxc5 dxc5 13. a3 h6 14. Bf4 Nxb3 15.
cxb3 Bc6 16. Qc2 Qb6 17. Rad1 Rfd8 18. Ne5 Qb7 19. f3 Qb6 20. Qf2 Rxd1 21. Rxd1
Be8 22. Be3 Qc7 23. Nd3 c4 24. Bf4 Qc8 25. bxc4 Qxc4 26. Ne5 Qc5 27. Qxc5 Bxc5+
28. Kf1 Be7 29. Ke2 Rd8 30. Rxd8 Bxd8 31. Kd3 Bc7 32. Ng6 Bd8 33. Ne5 Bc7 34.
g4 g5 35. Nd7 Bxf4 36. Nxf6+ Kf8 37. Nxe8 Kxe8 38. h3 Kd7 39. Ne2 Be5 40. b3
Kc6 41. Kc2 Kc5 1/2-1/2

[Event "Ì11Ï"]
[Site "Loo"]
[Date "2017.04.27"]
[Round "8.18"]
[White "Çåíêîâ, Ìàêñèì."]
[Black "Ïîíîìàð¸â, Àíäðåé."]
[Result "1-0"]
[WhiteElo "1408"]
[BlackElo "1522"]
[PlyCount "83"]
[EventDate "2017.04.20"]

1. e4 e6 2. d4 d5 3. e5 c5 4. c3 Nc6 5. Nf3 Qb6 6. a3 Bd7 7. b4 cxd4 8. cxd4
Nge7 9. Nc3 Nf5 10. Na4 Qc7 11. Bb2 Be7 12. Bd3 Nxb4 13. axb4 Bxb4+ 14. Nd2 Qa5
15. Nc3 Qb6 16. Bxf5 Qxd4 17. Na4 Bxd2+ 18. Qxd2 Qxd2+ 19. Kxd2 exf5 20. Nc3
Bc6 21. f3 Kd7 22. Rhd1 Kc7 23. Rac1 Kd7 24. Ke3 Ke6 25. Kf2 Rhd8 26. Ne2 g6
27. Nf4+ Ke7 28. Ba3+ Kd7 29. Nxd5 Bxd5 30. Rxd5+ Ke6 31. Rxd8 Rxd8 32. Bd6 f6
33. f4 Rd7 34. Rc8 fxe5 35. fxe5 Kd5 36. Re8 a6 37. Bf8 Rc7 38. e6 Rc2+ 39. Kf3
Rc3+ 40. Kf4 Rc4+ 41. Kg5 Re4 42. Kf6 1-0

[Event "Ì11Ï"]
[Site "Loo"]
[Date "2017.04.27"]
[Round "8.19"]
[White "Òåòþåâ, Ñòåïàí."]
[Black "Áîëäûðåâ, Ãëåá."]
[Result "0-1"]
[WhiteElo "1395"]
[BlackElo "1500"]
[PlyCount "136"]
[EventDate "2017.04.20"]

1. e4 e6 2. d4 d5 3. Nd2 Be7 4. Bd3 Nf6 5. e5 Nfd7 6. Ne2 c5 7. c3 Nc6 8. Nf3
g5 9. h3 h5 10. Be3 c4 11. Bc2 Nb6 12. Qd2 Rg8 13. Bh7 Rg7 14. Bc2 h4 15. g3
hxg3 16. Nxg3 Rg8 17. Rg1 Rh8 18. Nxg5 Bxg5 19. Bxg5 Qc7 20. Bf6 Rf8 21. Nh5
Kd7 22. Bg7 Rd8 23. Nf6+ Ke7 24. Qg5 Qb8 25. Nxd5+ Kd7 26. Nf6+ Kc7 27. Qh5 Bd7
28. Qxf7 Qc8 29. Nxd7 Qxd7 30. Qxd7+ Rxd7 31. h4 Rg8 32. h5 Rdxg7 33. Rxg7+
Rxg7 34. Ke2 Ne7 35. h6 Rg8 36. h7 Rh8 37. Rg1 Nbd5 38. Be4 Kd7 39. Bxd5 Nxd5
40. Rg7+ Ne7 41. f4 Ke8 42. d5 Kf8 43. Rg5 Nxd5 44. f5 exf5 45. Rxf5+ Kg7 46.
e6 Nf6 47. Rc5 Rxh7 48. Rc7+ Kg6 49. Rxh7 Nxh7 50. Ke3 Kf6 51. Kd4 Kxe6 52.
Kxc4 Kd6 53. b4 Nf6 54. a4 Kc6 55. Kb3 Nd7 56. c4 b6 57. Kc3 a5 58. Kb3 Nb8 59.
Kc3 axb4+ 60. Kxb4 Na6+ 61. Kc3 Kc5 62. Kb3 Nb8 63. a5 bxa5 64. Ka4 Nc6 65. Kb3
Kd4 66. Ka4 Kxc4 67. Ka3 Kc5 68. Kb3 Kb5 0-1

[Event "Ì11Ï"]
[Site "Loo"]
[Date "2017.04.27"]
[Round "8.20"]
[White "Æîñàí, ßííèñ."]
[Black "Êóëàêîâ, Òèìîôåé."]
[Result "0-1"]
[WhiteElo "1487"]
[BlackElo "1392"]
[PlyCount "88"]
[EventDate "2017.04.20"]

1. e4 e6 2. d3 d5 3. Nd2 Nf6 4. g3 dxe4 5. dxe4 Bc5 6. Bg2 O-O 7. Ngf3 Nc6 8.
O-O e5 9. Nc4 Qxd1 10. Rxd1 Nxe4 11. Be3 Bxe3 12. fxe3 Bg4 13. Rf1 Bxf3 14.
Bxf3 Nd6 15. Bxc6 Nxc4 16. Be4 Nxe3 17. Rf3 Ng4 18. Bxb7 Rab8 19. Bd5 Nf6 20.
Bb3 Rfe8 21. g4 h6 22. h4 c6 23. Rf5 Nd5 24. Re1 f6 25. g5 hxg5 26. hxg5 Kf7
27. Rd1 Rbd8 28. Rdf1 Ke7 29. Bxd5 cxd5 30. gxf6+ gxf6 31. Rxf6 Rg8+ 32. Kh2
Rh8+ 33. Kg3 Rdg8+ 34. Kf3 Kxf6 35. Ke3+ Ke6 36. Kd3 Rg3+ 37. Kd2 Rh2+ 38. Kd1
Rgg2 39. Kc1 Rxc2+ 40. Kd1 Rhd2+ 41. Ke1 Rc1+ 42. Kxd2 Rxf1 43. b3 d4 44. Ke2
Rf4 0-1

[Event "Ì11Ï"]
[Site "Loo"]
[Date "2017.04.27"]
[Round "8.21"]
[White "Êðîòîâ, Äàìèàí."]
[Black "Ñìîëèí, Àëåêñàíäð."]
[Result "1-0"]
[WhiteElo "1466"]
[BlackElo "1361"]
[PlyCount "111"]
[EventDate "2017.04.20"]

1. d4 d5 2. Nf3 e6 3. Bf4 Nf6 4. e3 Be7 5. Bd3 O-O 6. Nbd2 Nc6 7. a3 Bd7 8. O-O
Nh5 9. Bg3 Nxg3 10. hxg3 Bf6 11. c3 g6 12. e4 dxe4 13. Nxe4 Bg7 14. Nc5 b6 15.
Nxd7 Qxd7 16. Be4 Rad8 17. Kh1 e5 18. dxe5 Qxd1 19. Rfxd1 Nxe5 20. Nxe5 Bxe5
21. Kg1 Kg7 22. Kf1 Rd6 23. Bf3 Rfd8 24. Rxd6 Rxd6 25. Rd1 Rxd1+ 26. Bxd1 Bf6
27. a4 a5 28. Ke2 Kh6 29. f4 Bg7 30. g4 g5 31. f5 f6 32. Kd3 Bf8 33. Kc4 Kg7
34. b4 c6 35. bxa5 bxa5 36. Bf3 Bd6 37. Bxc6 Bc7 38. Kb5 Kf7 39. c4 Ke7 40. c5
Kd8 41. Kc4 Ke7 42. Kd5 Bb8 43. Bb5 Bc7 44. Kc6 Bd8 45. Kb7 h6 46. Kc8 Bc7 47.
Kxc7 Kf7 48. Kd6 Kg7 49. c6 Kh7 50. c7 Kg7 51. c8=Q Kh7 52. Ke7 Kg7 53. Bc4 Kh7
54. Kxf6 h5 55. Kxg5 hxg4 56. Qg8# 1-0

[Event "Ì11Ï"]
[Site "Loo"]
[Date "2017.04.27"]
[Round "8.22"]
[White "Êàðïåíöåâ, Ìèõàèë."]
[Black "Ðåçâûé, Äìèòðèé."]
[Result "1-0"]
[WhiteElo "1465"]
[BlackElo "1360"]
[PlyCount "59"]
[EventDate "2017.04.20"]

1. e4 e6 2. d4 d5 3. e5 c5 4. c3 Nc6 5. Nf3 Qb6 6. Bd3 cxd4 7. cxd4 Bd7 8. Bc2
Nb4 9. Bb3 Ne7 10. O-O Nf5 11. Nc3 Be7 12. Na4 Qd8 13. a3 Nc6 14. Bc2 O-O 15.
Bxf5 exf5 16. Bf4 f6 17. Re1 fxe5 18. Nxe5 Nxe5 19. Bxe5 a5 20. Rc1 Rc8 21. Qb3
Bxa4 22. Qxa4 Rxc1 23. Rxc1 Bf6 24. Bc7 Qc8 25. Qxa5 Bd8 26. Qxd5+ Rf7 27.
Qxd8+ Qxd8 28. Bxd8 Rd7 29. Bb6 g5 30. Rc8+ 1-0

[Event "Ì11Ï"]
[Site "Loo"]
[Date "2017.04.27"]
[Round "8.23"]
[White "Ñåðåáðÿêîâ, Ñàââà."]
[Black "Ëûñîâ, Àðñåíèé."]
[Result "1-0"]
[WhiteElo "1432"]
[BlackElo "1354"]
[PlyCount "87"]
[EventDate "2017.04.20"]

1. c4 e5 2. Nc3 Nf6 3. g3 d5 4. cxd5 Nxd5 5. Bg2 Nb6 6. e3 Be7 7. Nge2 O-O 8.
O-O Be6 9. Bxb7 N8d7 10. Bxa8 Qxa8 11. f4 Bh3 12. Rf2 Nc5 13. Qc2 Rd8 14. d4
exd4 15. Nxd4 Nbd7 16. Nf5 Bf8 17. b4 Ne6 18. a3 Nf6 19. Bb2 Ng4 20. Rd2 Rxd2
21. Qxd2 g6 22. Nh4 h6 23. Qd5 c6 24. Qe4 Nf6 25. Qf3 Bg7 26. b5 Qc8 27. Qxc6
Qd8 28. Rd1 Qa5 29. Rd6 Bf8 30. Qc8 Nxf4 31. Qd8 Qxd8 32. Rxd8 Ne6 33. Ra8 Ng4
34. Nd5 h5 35. Nf6+ Nxf6 36. Bxf6 Kh7 37. Rxa7 Bc5 38. Rxf7+ Kg8 39. Rd7 Bxe3+
40. Kh1 g5 41. Ng2 Bc5 42. a4 Bf2 43. a5 Nf4 44. Rg7+ 1-0

[Event "Ì11Ï"]
[Site "Loo"]
[Date "2017.04.27"]
[Round "8.24"]
[White "Ôàäååâ, Àëåêñåé."]
[Black "Õàððàñîâ, Äìèòðèé."]
[Result "0-1"]
[WhiteElo "1431"]
[BlackElo "1232"]
[PlyCount "62"]
[EventDate "2017.04.20"]

1. e4 e5 2. Nf3 Nc6 3. Bb5 Bc5 4. c3 Nf6 5. O-O O-O 6. d4 exd4 7. cxd4 Bb6 8.
e5 Nd5 9. Bc4 Nde7 10. d5 Nb8 11. Be3 d6 12. Nc3 dxe5 13. Nxe5 Nd7 14. Bxb6
axb6 15. f4 Nf5 16. Qd2 Qe7 17. Rfe1 Nxe5 18. Qf2 Ng4 19. Qf3 Qc5+ 20. Kh1 Nf2+
21. Kg1 Nd3+ 22. Kh1 Nxe1 23. Rxe1 Qxc4 24. g4 Nd6 25. f5 f6 26. Qf2 Qxg4 27.
Qc2 Qf3+ 28. Kg1 Bxf5 29. Qd2 Qd3 30. Qf2 Rae8 31. Rd1 Qe3 0-1

[Event "Ì11Ï"]
[Site "Loo"]
[Date "2017.04.27"]
[Round "8.25"]
[White "Ãðèøèí, ßðîñëàâ."]
[Black "Ñåïèàøâèëè, Èâàí."]
[Result "1-0"]
[WhiteElo "1296"]
[BlackElo "1431"]
[PlyCount "63"]
[EventDate "2017.04.20"]

1. e4 c6 2. Nc3 d5 3. Nf3 Nf6 4. e5 Ne4 5. d4 Nxc3 6. bxc3 Bg4 7. h3 Bxf3 8.
Qxf3 e6 9. Bd3 g6 10. Qg3 Bg7 11. h4 h5 12. Qh3 c5 13. g4 Qc7 14. gxh5 gxh5 15.
Bd2 Nc6 16. Bb5 O-O-O 17. Bxc6 Qxc6 18. Rb1 Kb8 19. dxc5 Bxe5 20. Qe3 Bf6 21.
Qf4+ e5 22. Qb4 d4 23. Rh2 Rhg8 24. Kf1 Rg4 25. Qb5 Qf3 26. c6 b6 27. c7+ Kxc7
28. Qc4+ Kb8 29. Qxf7 Rdg8 30. Bg5 d3 31. Qxg8+ Kb7 32. Qh7+ 1-0

[Event "Ì11Ï"]
[Site "Loo"]
[Date "2017.04.27"]
[Round "8.27"]
[White "Î÷èðîâ, Áàòîð."]
[Black "Äîâáíÿ, Íèêèòà."]
[Result "0-1"]
[WhiteElo "1221"]
[BlackElo "1408"]
[PlyCount "132"]
[EventDate "2017.04.20"]

1. e4 c5 2. Nf3 Nc6 3. Nc3 d6 4. d4 cxd4 5. Nxd4 e6 6. f4 a6 7. a4 Qc7 8. Be3
Nf6 9. Bc4 Be7 10. O-O O-O 11. f5 Nxd4 12. Qxd4 Kh8 13. Bb3 Bd7 14. Qb6 Bd8 15.
Qxc7 Bxc7 16. Rad1 b5 17. axb5 axb5 18. fxe6 fxe6 19. Ra1 b4 20. Rxa8 Rxa8 21.
Na2 Rb8 22. Re1 e5 23. Bd2 Bb6+ 24. Kh1 Bc5 25. Nc1 Bc6 26. Nd3 Nxe4 27. Nxc5
Nxc5 28. Re3 e4 29. Rg3 d5 30. Bf4 Rf8 31. Rg4 Ne6 32. g3 Nxf4 33. Rxf4 Rxf4
34. gxf4 Kg8 35. Kg2 Kf7 36. c4 d4 37. Kf2 Kf6 38. Bc2 Kf5 39. Kg3 d3 40. Bd1
g6 41. Bg4+ Kf6 42. Kf2 h5 43. Bd1 Kf5 44. Ke3 g5 45. fxg5 Kxg5 46. Bb3 Kh4 47.
Bd1 Bb7 48. Bb3 Kh3 49. Bd1 h4 50. Bh5 Kxh2 51. Bg4 Kg3 52. Bf5 h3 53. Bxh3
Kxh3 54. Kf2 Kg4 55. Ke3 Kf5 56. b3 Ba8 57. Kd2 Kf4 58. Ke1 Ke3 59. Kd1 d2 60.
c5 Bc6 61. Kc2 Ke2 62. Kb1 d1=Q+ 63. Kb2 Qd2+ 64. Kb1 Kd3 65. Ka1 Kc3 66. Kb1
Qb2# 0-1

[Event "Ì11Ï"]
[Site "Loo"]
[Date "2017.04.27"]
[Round "8.28"]
[White "ßðèêîâ, Àðòåì."]
[Black "Ìàêñèí, Âëàäèìèð."]
[Result "1-0"]
[WhiteElo "1478"]
[BlackElo "1325"]
[PlyCount "91"]
[EventDate "2017.04.20"]

1. e4 c5 2. Nf3 d6 3. d4 cxd4 4. Nxd4 Nf6 5. Nc3 a6 6. Be3 e6 7. f3 b5 8. a3
Be7 9. Qd2 Bb7 10. g3 Nc6 11. Bg2 Ne5 12. b3 Rc8 13. O-O-O d5 14. Kb2 O-O 15.
exd5 exd5 16. Nf5 b4 17. Nxe7+ Qxe7 18. axb4 Qxb4 19. Qd4 Nc4+ 20. Kb1 a5 21.
Bc1 Bc6 22. Na2 Qb7 23. Bb2 Nd6 24. Qf4 Nde8 25. Ba3 a4 26. Bxf8 axb3 27. cxb3
Qxb3+ 28. Ka1 Ra8 29. Rd2 Kxf8 30. Rb2 Qc3 31. Qb4+ Qxb4 32. Rxb4 Ke7 33. Re1+
Kd7 34. f4 Nd6 35. Bh3+ Kd8 36. Rc1 Kc7 37. Kb2 Nfe4 38. Bg2 Nf6 39. Bf1 Kd7
40. Rb6 Ba4 41. Nc3 Nfe4 42. Ra1 Nd2 43. Bh3+ Kc7 44. Nxd5+ Kd8 45. Rxd6+ Ke8
46. Nc7+ 1-0

[Event "Ì11Ï"]
[Site "Loo"]
[Date "2017.04.27"]
[Round "8.29"]
[White "Óðóñîâ, Ãåðìàí."]
[Black "Íàóìîâ, Àðòåì."]
[Result "0-1"]
[WhiteElo "1339"]
[BlackElo "1477"]
[PlyCount "152"]
[EventDate "2017.04.20"]

1. d4 d5 2. c4 e6 3. Nf3 Nf6 4. g3 dxc4 5. Qa4+ Nbd7 6. Qxc4 a6 7. Bg2 b5 8.
Qc2 Bb7 9. Bf4 c5 10. Qd3 Qb6 11. e3 Rd8 12. O-O cxd4 13. Qxd4 Nc5 14. Qc3 Nd5
15. Qc2 Be7 16. Be5 f6 17. Bd4 Qc7 18. a3 Rc8 19. b4 Nd7 20. Qxc7 Rxc7 21. Nfd2
N7b6 22. Bxb6 Nxb6 23. Bxb7 Rxb7 24. Nc3 Rc7 25. Rac1 Kf7 26. Ne2 Rhc8 27. Rxc7
Rxc7 28. Rc1 Rd7 29. Rc2 f5 30. Kf1 Bf6 31. Ke1 Ke7 32. Rc6 Rd6 33. Rxd6 Kxd6
34. Kd1 Bb2 35. Kc2 Bf6 36. f4 Kd5 37. Nc3+ Bxc3 38. Kxc3 Nd7 39. Kd3 Nf6 40.
h3 g6 41. h4 h6 42. Kc3 Ng4 43. Nf1 Ke4 44. a4 bxa4 45. Kb2 Kd5 46. Ka3 Kc6 47.
Kxa4 Kb6 48. Kb3 Kb5 49. Kc3 Nf6 50. Kd4 Nd7 51. h5 gxh5 52. e4 fxe4 53. Kxe4
Kxb4 54. f5 exf5+ 55. Kxf5 a5 56. Nd2 a4 57. Nb1 Kb3 58. Kg6 Ne5+ 59. Kxh5 Kb2
60. Kxh6 Kxb1 61. Kg5 a3 62. Kf5 Nf7 63. Kf6 a2 64. Kxf7 a1=Q 65. Kg6 Qh8 66.
g4 Kc2 67. g5 Qg8+ 68. Kf6 Kd3 69. g6 Kd4 70. Kf5 Qg7 71. Kg5 Ke5 72. Kh5 Kf5
73. Kh4 Qxg6 74. Kh3 Kf4 75. Kh2 Kf3 76. Kh1 Qg2# 0-1

[Event "Ì11Ï"]
[Site "Loo"]
[Date "2017.04.27"]
[Round "8.30"]
[White "Øåðåìåòüåâ, Âëàäèñëàâ."]
[Black "Àáåëîâ, Åãîð."]
[Result "1-0"]
[WhiteElo "1469"]
[BlackElo "1324"]
[PlyCount "113"]
[EventDate "2017.04.20"]

1. e4 c5 2. c3 Qa5 3. a3 Nc6 4. Nf3 d6 5. d4 cxd4 6. b4 Qc7 7. cxd4 Nf6 8. Bd3
Bg4 9. Bb2 e6 10. Nbd2 Qb6 11. Nc4 Qd8 12. Ne3 Bh5 13. O-O Be7 14. Rc1 d5 15.
exd5 Nxd5 16. Be4 O-O 17. Qb3 Nf4 18. Rcd1 Ne2+ 19. Kh1 Bxf3 20. Bxf3 Nexd4 21.
Qc3 e5 22. Bxc6 bxc6 23. Qc4 Bf6 24. Ng4 Re8 25. Nxf6+ Qxf6 26. Bxd4 exd4 27.
Qxd4 Qxd4 28. Rxd4 Re2 29. Rfd1 f6 30. Kg1 Ra2 31. Rc4 Rxa3 32. Rxc6 Rb8 33.
Rc4 Rb3 34. Rc7 Ra3 35. g3 h6 36. Rdd7 Rxb4 37. Rxg7+ Kf8 38. Rcf7+ Ke8 39.
Rxf6 Rb6 40. Rxb6 axb6 41. Rh7 b5 42. Rxh6 b4 43. Rb6 b3 44. Kg2 Kf7 45. h4 Kg7
46. Kh3 Kh7 47. f4 Kg7 48. Kg4 Kh7 49. Kg5 b2 50. g4 Ra2 51. f5 Kg7 52. Rb7+
Kg8 53. Kg6 Kf8 54. f6 Ke8 55. f7+ Kf8 56. Rb8+ Ke7 57. f8=Q+ 1-0

[Event "Ì11Ï"]
[Site "Loo"]
[Date "2017.04.27"]
[Round "8.31"]
[White "Òðóõàíîâ, Ìèõàèë."]
[Black "Êóðíîñîâ, Åãîð."]
[Result "0-1"]
[WhiteElo "1342"]
[BlackElo "1467"]
[PlyCount "148"]
[EventDate "2017.04.20"]

1. Nf3 d5 2. g3 Nf6 3. Bg2 c6 4. b3 Bg4 5. Bb2 Nbd7 6. c4 e6 7. O-O Be7 8. d3
O-O 9. Nc3 Re8 10. Re1 Bb4 11. a3 Ba5 12. b4 Bc7 13. c5 a5 14. d4 e5 15. e3 e4
16. h3 Bxf3 17. Bxf3 exf3 18. Qxf3 Ne4 19. Nxe4 Rxe4 20. Bc3 Qf6 21. Qxf6 Nxf6
22. Reb1 a4 23. b5 Ree8 24. b6 Bd8 25. Rb4 Ne4 26. Be1 h5 27. h4 g5 28. hxg5
Bxg5 29. f4 Be7 30. Bf2 Kg7 31. Kg2 Rh8 32. Rh1 f5 33. Rh3 Ra5 34. Rh2 Rh7 35.
Kg1 h4 36. gxh4 Nxf2 37. Kxf2 Bxh4+ 38. Kf3 Bf6 39. Rg2+ Kf7 40. Kf2 Rh1 41.
Rg1 Bh4+ 42. Kg2 Rxg1+ 43. Kxg1 Be1 44. Rb1 Bc3 45. Kf1 Ra8 46. Ke2 Rh8 47. Kd3
Ba5 48. Rb2 Rh1 49. Ra2 Rh3 50. Re2 Rh1 51. Ra2 Rg1 52. Kc2 Re1 53. Kd3 Rg1 54.
Kc2 Kg6 55. Kd3 Rg3 56. Rh2 Rg1 57. Ra2 Rg4 58. Rh2 Rg1 59. Ra2 Rg3 60. Rh2 Rg4
61. Re2 Rg1 62. Ra2 Rd1+ 63. Ke2 Rg1 64. Kd3 Be1 65. Rc2 Bh4 66. Ra2 Kh5 67.
Kc3 Rg3 68. Kd3 Kg4 69. Rh2 Rg1 70. Ra2 Kg3 71. Kc3 Re1 72. Kd3 Kf3 73. Kc3
Rxe3+ 74. Kd2 Re2+ 0-1

[Event "Ì11Ï"]
[Site "Loo"]
[Date "2017.04.27"]
[Round "8.32"]
[White "Ñâèðèäîâ, Ëåîí."]
[Black "Ñåì¸íîâ, Èëüÿ."]
[Result "0-1"]
[WhiteElo "1330"]
[BlackElo "1440"]
[PlyCount "100"]
[EventDate "2017.04.20"]

1. e4 e5 2. Nf3 Nc6 3. d4 exd4 4. Nxd4 Nf6 5. Nxc6 bxc6 6. e5 Qe7 7. Qe2 Nd5 8.
c4 Ba6 9. b3 Nb6 10. g3 g6 11. Bb2 Bg7 12. Bg2 O-O 13. O-O Bb7 14. Nd2 f6 15.
c5 Nd5 16. Rfe1 fxe5 17. Nf3 Rfe8 18. Qd2 d6 19. Re4 Rad8 20. Rae1 Nf6 21. Ra4
a6 22. Qc2 Nd7 23. cxd6 cxd6 24. Ba3 Nb6 25. Rb4 Nd5 26. Rbe4 Qc7 27. Qc4 Kh8
28. h4 Nb6 29. Qc2 d5 30. R4e2 d4 31. Qb2 d3 32. Re3 e4 33. Qd2 c5 34. Ng5 Bd4
35. Bb2 Kg8 36. Bxd4 cxd4 37. Nxe4 dxe3 38. Rxe3 Bxe4 39. Bxe4 Rxe4 40. Rxe4
Qc2 41. Qa5 Rf8 42. Rf4 Qc1+ 43. Kg2 Rxf4 44. Qe5 Qc6+ 45. Kg1 Rf8 46. Qe3 Qf6
47. Qxd3 Qxf2+ 48. Kh1 Qf1+ 49. Qxf1 Rxf1+ 50. Kg2 Ra1 0-1

[Event "Ì11Ï"]
[Site "Loo"]
[Date "2017.04.27"]
[Round "8.33"]
[White "Èñàéêèí, Âàëåðèé."]
[Black "Íåãîðååâ, Çàõàð."]
[Result "1/2-1/2"]
[WhiteElo "1297"]
[BlackElo "1428"]
[PlyCount "84"]
[EventDate "2017.04.20"]

1. d4 d5 2. c4 e6 3. Nf3 Nf6 4. g3 Be7 5. Bg2 O-O 6. O-O dxc4 7. Qc2 a6 8. a3
h6 9. Qxc4 b5 10. Qc2 Bb7 11. Nc3 Nbd7 12. e4 c5 13. Re1 cxd4 14. Nxd4 Bc5 15.
Nb3 Bb6 16. Be3 Bxe3 17. Rxe3 Rc8 18. Qd2 Qe7 19. Rd1 Rcd8 20. Rd3 e5 21. f3
Rfe8 22. Bh3 Nc5 23. Nxc5 Qxc5+ 24. Qf2 Qxf2+ 25. Kxf2 Rb8 26. Rd6 Kf8 27. Ke3
Ke7 28. f4 exf4+ 29. gxf4 Kf8 30. e5 Ng8 31. Ne4 Bxe4 32. Kxe4 a5 33. Kd5 Ne7+
34. Kc5 b4 35. Rb6 bxa3 36. bxa3 Ng6 37. Rd4 h5 38. Kb5 Rxb6+ 39. Kxb6 Ra8 40.
a4 Ke7 41. Re4 Nf8 42. Rc4 Ne6 1/2-1/2

[Event "Ì11Ï"]
[Site "Loo"]
[Date "2017.04.27"]
[Round "8.34"]
[White "Øåâåë¸â, Äàíèèë."]
[Black "Ïè÷êàñêîâ, Âàäèì."]
[Result "1/2-1/2"]
[WhiteElo "1418"]
[BlackElo "1277"]
[PlyCount "156"]
[EventDate "2017.04.20"]

1. c4 e5 2. Nc3 Nf6 3. Nf3 Nc6 4. d4 exd4 5. Nxd4 Bb4 6. Bg5 Bxc3+ 7. bxc3 O-O
8. e3 h6 9. Bh4 d6 10. Bd3 Re8 11. O-O Ne5 12. Be2 Be6 13. Nxe6 Rxe6 14. Qb3
Rb8 15. Rfd1 Ng6 16. Bg3 Ne4 17. Bf3 Nc5 18. Qb4 Re8 19. Rd5 Qe7 20. Rad1 Nh4
21. Be2 Ng6 22. Qa3 a6 23. Qb4 Qf6 24. Bf3 Ne5 25. Bxe5 Rxe5 26. R5d4 b6 27. a4
a5 28. Qa3 Rbe8 29. Ra1 Rg5 30. Kh1 Rge5 31. Qb2 R8e7 32. Qc2 Ne6 33. Rd5 Rg5
34. Rxg5 Nxg5 35. Bd5 Ne6 36. Bxe6 Rxe6 37. Kg1 Re5 38. Rd1 Rc5 39. Rd4 Qe6 40.
Re4 Qf5 41. Re8+ Kh7 42. Qxf5+ Rxf5 43. Kf1 Rc5 44. Re4 d5 45. cxd5 Rxc3 46.
Rd4 Rc1+ 47. Ke2 Rc2+ 48. Kf3 Rc5 49. h3 g6 50. g4 Kg7 51. e4 Kf6 52. Ke3 g5
53. Kd3 Ke5 54. f3 f6 55. Rc4 Kd6 56. Rd4 Rc1 57. Rc4 Rxc4 58. Kxc4 c6 59. Kd4
b5 60. axb5 cxb5 61. Kc3 Kc5 62. Kb3 a4+ 63. Ka3 Kd6 64. Kb4 Kc7 65. Ka3 Kd7
66. Kb4 Kd6 67. Ka3 Kc5 68. Kb2 b4 69. Ka2 Kb5 70. Kb2 Ka5 71. Ka2 Kb6 72. Kb2
Kc5 73. Ka2 b3+ 74. Ka3 Kb5 75. Kb2 Kb6 76. Ka3 Ka5 77. Kb2 Kb5 78. Ka3 Kc5
1/2-1/2

[Event "Ì11Ï"]
[Site "Loo"]
[Date "2017.04.27"]
[Round "8.35"]
[White "Âîëîâè÷, Åâãåíèé."]
[Black "Âîëîøêèí, Äàíèèë."]
[Result "0-1"]
[WhiteElo "1292"]
[BlackElo "1418"]
[PlyCount "54"]
[EventDate "2017.04.20"]

1. e4 e6 2. d4 d5 3. e5 c5 4. c3 Nc6 5. Nf3 Qb6 6. a3 a5 7. b3 cxd4 8. cxd4 Bd7
9. Be3 Rc8 10. Be2 Nge7 11. O-O Nf5 12. g4 Nxe3 13. fxe3 Be7 14. Bd3 O-O 15.
Nbd2 Na7 16. Qe2 Nb5 17. a4 Nc3 18. Qg2 f5 19. gxf5 exf5 20. Ne1 Ne4 21. Bxe4
fxe4 22. Rxf8+ Bxf8 23. Qe2 Rc3 24. Ng2 Bb4 25. Ra2 Qh6 26. Nf4 Rc1+ 27. Kg2
Qg5+ 0-1

[Event "Ì11Ï"]
[Site "Loo"]
[Date "2017.04.27"]
[Round "8.36"]
[White "Øåëåïíåâ, Àðòåì."]
[Black "Ñåðãèåíêî, Èâàí."]
[Result "1/2-1/2"]
[WhiteElo "1413"]
[BlackElo "1259"]
[PlyCount "82"]
[EventDate "2017.04.20"]

1. e4 c5 2. Nf3 Nc6 3. d4 cxd4 4. Nxd4 Nf6 5. Nc3 d6 6. Be3 e5 7. Ndb5 a6 8.
Na3 Be7 9. Bg5 Be6 10. Bxf6 Bxf6 11. Bc4 O-O 12. O-O b5 13. Bd5 Bxd5 14. Nxd5
Be7 15. c3 f5 16. Nxe7+ Nxe7 17. f3 f4 18. Nc2 a5 19. Qd3 Qb6+ 20. Kh1 Rf6 21.
Na3 Rb8 22. Rfd1 Rg6 23. Nc2 Rh6 24. Na3 Rg6 25. Qc2 Rc8 26. Qb3+ Kh8 27. Qxb5
Qf2 28. Rg1 Rh6 29. h3 Qg3 30. Qd7 Rf8 31. Qg4 Qf2 32. Qd7 Qg3 33. Qg4 Qf2 34.
Nc4 Rff6 35. Rad1 Rfg6 36. Rd2 Qc5 37. Qd7 Ng8 38. Na3 Rg3 39. Re2 Rhxh3+ 40.
Qxh3 Rxh3+ 41. gxh3 Qc8 1/2-1/2